Contexto de las reales fiestas que se hicieron en el Palacio del Buen Retiro a la coronación del rey...de romanos y entrada en Madrid de la Señora Princesa de Cariñan en tres discursos / (Record no. 40883)

MARC details
000 -LEADER
campo de control de longitud fija 00687nam a2200169 i 4500
001 - NÚMERO DE CONTROL
campo de control 40883
003 - IDENTIFICADOR DE NÚMERO DE CONTROL
campo de control ES-MaACL
005 - FECHA Y HORA DE LA ÚLTIMA TRANSACCIÓN
campo de control 20230906160330.0
007 - CAMPO FIJO DE DESCRIPCIÓN FÍSICA--INFORMACIÓN GENERAL
campo de control de longitud fija t|
008 - DATOS DE LONGITUD FIJA--INFORMACIÓN GENERAL
campo de control de longitud fija 030307s1951 sp ||||1| spa d
100 1# - ENTRADA PRINCIPAL--NOMBRE DE PERSONA
Nombre de persona Caro de Mallen, Ana.
9 (RLIN) 35407
245 10 - MENCIÓN DEL TÍTULO
Título Contexto de las reales fiestas que se hicieron en el Palacio del Buen Retiro a la coronación del rey...de romanos y entrada en Madrid de la Señora Princesa de Cariñan en tres discursos /
Mención de responsabilidad, etc. por Ana Caro de Mallén.
260 ## - PUBLICACIÓN, DISTRIBUCIÓN, ETC.
Lugar de publicación, distribución, etc. [s.l. :
Nombre del editor, distribuidor, etc. s.n.,
Fecha de publicación, distribución, etc. 1951] (
Fabricante Tip. Moderna)
300 ## - DESCRIPCIÓN FÍSICA
Extensión 39 fol. ;
Dimensiones 25 cm.
500 ## - NOTA GENERAL
Nota general Reproducción facsímil de: Madrid, Imprenta del Reyno, Año 1637.
852 ## - LOCALIZACIÓN
Ubicación ES-MaACL
Número de control de estantería C-13681
Sublocalización o colección R.36971
Holdings
Estatus retirado Estado de pérdida Estado de daño No para préstamo Biblioteca de origen Biblioteca actual Ubicación en estantería Fecha de adquisición Fuente de adquisición Total de préstamos Signatura topográfica completa Código de barras Visto por última vez Precio de reemplazo Tipo de ítem Koha
        Biblioteca del Ateneo de Madrid Biblioteca del Ateneo de Madrid Sala Palomar 17/01/2008     C-13681 1043036 23/02/2023 23/02/2023 Libro impreso